Журналы губернского присутствия по крестьянским делам

Доступно только в Электронных читальных залах Найти на картеНа карте
RUSMARC
00003938nac2a22002653x 450
001dcc99e73-2958-48fc-a427-bef3677cbc40
00520211216001931.0
100##$a20211122l1861 k y0rusy50 ca
1010#$arus
102##$aRU
105##$ay z |||||
1220#$ad18611231
2001#$aЖурналы губернского присутствия по крестьянским делам
$j1861
215##$a30 листов
251##$cДело
300##$aЗаголовок дела на папке: Журналы губернского по крестьянским делам присутствия за 1861 г.
300##$aРукописный текст
330##$aВходит в раздел описи: 1. Материалы о служебной деятельности. б/ Калуга - /материалы по реформе 1861 г./
461#0$1001702d5e87-6901-4c63-8165-d848da7b6444
$12001
$aАрцимович Виктор Антонович, сенатор, Тобольский (1854-1858 гг.) и Калужский (1858-1862 гг.) губернатор, вице-председатель государственного совета Царства Польского (С 1863 г.)
$1251
$cФонд
$1852
$j815
462#0$1001559b76c2-49f1-4f4f-bd3c-238599c7510c
$12001
$aДела постоянного хранения. 1821-1891
$vД. 111
$1251
$cОпись
$1852
$j1
5171#$aЖурналы губернского по крестьянским делам присутствия за 1861 г.
600#1$aАрцимович
$bВ. А.
$gВиктор Антонович
801#0$aRU
$bGA_RF
801#1$aRU
$bГлавНИВЦ
$c20211122
$2rusmarc
801#2$aRU
$bПБ им. Б.Н. Ельцина
$c20211216
$gRCR
$2rusmarc
852##$aГА РФ
$j111
937##$d171661723
$hГАРФ
035##$aRuPRLIB51061463
856##$uhttp://readingroom.main.prlib.ru/item.aspx?id_node=n171661723&mode=full
Формат отображения